00661nam a2200205Ia 4500008004100000020001800041050001400059100002100073245002500094245008400119260001300203260002900216260000900245300001500254300002500269300001000294440002900304999001900333952010300352180207s9999 xx 000 0 und d a9780746077207 bC877 2006 aCox, Phil Roxbee aGoose on the loose / cby Phil Roxbee Cox ; illustrated by Stephen Cartwright ; edited by Jenny Tyler. aLondon : bUsborne Publishing Ltd., c2006 a16 pages : bcolor illustration ; c21cm. aUsborne phonics readers. c355855d355855 001040aSSISMbSSISMd2018-02-07l0oER C877 2006pSSISM5400r2018-02-07 00:00:00w2018-02-07yBK